[Event "Fast Game"]
[Site "www.echecsemail.com"]
[Date "2016.06.13"]
[Round "1"]
[White "Hennie4820"]
[Black "Jhzes"]
[WhiteElo "1730"]
[BlackElo "1599"]
[Result "0-1"]
[Round "1"]
1.e4 e6
2.d4 d5
3.Nb1d2 Nb8c6
4.Ng1f3 b6
5.Bf1e2 g6
6.O-O Bf8g7
7.c3 dxe4
8.Nd2xe4 Bc8b7
9.Bc1f4 Nc6xd4
10.Nf3xd4 Bb7xe4
11.Qd1a4 Kf8
12.Ra1d1 Be4d5
13.c4 e5
14.Nd4c6 Qd8h4
15.Bf4g3 Qh4e4
16.Be2f3 Qe4xc4
17.Qa4xc4 Bd5xc4
18.Rf1e1 Ra8e8
19.Nc6xe5 Bg7xe5
20.Bg3xe5 f6
21.Be5xc7 Re8xe1
22.Rd1xe1 Bc4xa2
23.Bc7d6 Kg7
24.Re1e8 Ng8h6
25.Re8e7 Nh6f7
26.Re7xa7 Rh8c8
27.h3 Ba2c4
28.Ra7c7 Rc8xc7
29.Bd6xc7 b5
30.Bf3e4 b4
31.Bc7a5 b3
32.Ba5c3 h5
33.f3 g5
34.Kf2 Nf7e5
35.Ke3 Bc4f1
36.Kf2 Bf1c4
37.Bc3xe5 fxe5
38.g4 h4
39.Be4f5 Kf6
40.Bf5e4 Ke6
41.Be4f5 Kd5
42.Ke1 Kd4
43.Kd2 Bc4f1
44.Bf5e6 Bf1xh3
45.Be6xb3 Bh3g2
 { time }
0-1

[Event "Fast Game"]
[Site "www.echecsemail.com"]
[Date "2016.06.13"]
[Round "1"]
[White "Fvdp"]
[Black "Hennie4820"]
[WhiteElo "1599"]
[BlackElo "1700"]
[Result "1-0"]
[Round "1"]
1.e4 c5
2.Nb1c3 e6
3.g3 Nb8c6
4.Bf1g2 Ng8f6
5.d3 Bf8e7
6.f4 O-O
7.Ng1f3 d6
8.O-O Bc8d7
9.h3 a6
10.Bc1e3 Ra8c8
11.g4 h6
12.Nc3e2 b5
13.a3 Qd8c7
14.g5 hxg5
15.fxg5 Nf6h7
16.h4  { time }
1-0

[Event "Fast Game"]
[Site "www.echecsemail.com"]
[Date "2016.06.13"]
[Round "1"]
[White "Cal"]
[Black "Hennie4820"]
[WhiteElo "1660"]
[BlackElo "1700"]
[Result "1-0"]
[Round "1"]
1.d4 Ng8f6
2.Nb1c3 g6
3.h3 Bf8g7
4.e4 d6
5.Ng1f3 O-O
6.a3 Nb8d7
7.Bf1d3 e5
8.dxe5 Nd7xe5
9.Nf3d4 Ne5xd3
10.cxd3 Nf6d5
11.exd5 Bg7xd4
12.Nc3e4 f5
13.Bc1g5 Qd8e8
14.O-O fxe4
15.dxe4 Bd4xb2
16.Ra1a2 Bb2g7
17.f4 Qe8xe4
18.a4  { time }
1-0

[Event "Tourn. n8776"]
[Site "www.chess-mail.com"]
[Date "2016.06.14"]
[Round "1"]
[White "Yangqi"]
[Black "Seger"]
[WhiteElo "2690"]
[BlackElo "2760"]
[Result "1/2-1/2"]
[Round "1"]
1.e4 c5
2.Ng1f3 d6
3.c3 g6
4.h3 Ng8f6
5.Bf1d3 Bf8g7
6.Bd3c2 e5
7.d3 O-O
8.O-O b5
9.Bc1e3 Bc8b7
10.a4 a6
11.Nb1a3 Bb7c6
12.axb5 axb5
13.Qd1d2 Nb8d7
14.c4 bxc4
15.Na3xc4 Qd8c7
16.Nc4a5 { draw }
1/2-1/2

[Event "Tourn. n8766"]
[Site "www.chess-mail.com"]
[Date "2016.06.14"]
[Round "1"]
[White "Azulmarino"]
[Black "Esperanza"]
[WhiteElo "1470"]
[BlackElo "999"]
[Result "0-1"]
[Round "1"]
1.e4 e6
2.Bf1c4 d5
3.Bc4b5 c6
4.Bb5a4 dxe4
5.Nb1c3 f5
6.d3 exd3
7.cxd3 Ng8f6
8.Bc1g5 Nb8d7
9.Ng1f3 Bf8e7
10.Ba4b3 Nd7c5
11.Nf3e5 O-O
12.f4 Nc5xb3
13.Qd1xb3 Nf6d5
14.Nc3d1 Be7xg5
15.Nd1f2 Bg5xf4
16.Ne5f3 Qd8a5
17.Kd1 Nd5e3
18.Ke2 Ne3xg2
19.h4 Kh8
20.Qb3xe6 Bc8xe6
21.Ra1g1 Ng2e3
22.Nf3d4 Qa5xa2
23.Kf3 Be6d5
24.Nf2e4 fxe4
25.dxe4 Bf4h6
{ resign }
0-1

[Event "Tourn. n8769"]
[Site "www.chess-mail.com"]
[Date "2016.06.14"]
[Round "1"]
[White "Piekki"]
[Black "Yangqi"]
[WhiteElo "2310"]
[BlackElo "2690"]
[Result "0-1"]
[Round "1"]
1.e4 g6
2.d4 Bf8g7
3.Nb1c3 c5
4.d5 d6
5.Bf1b5 Nb8d7
6.Bc1e3 a6
7.Bb5xd7 Bc8xd7
8.a4 b5
9.axb5 axb5
10.Ra1xa8 Qd8xa8
11.Ng1f3 b4
12.Nc3e2 Bg7xb2
13.e5 dxe5
14.O-O e4
15.Nf3g5 Ng8f6
16.Be3xc5 h6
17.Ng5h3 Qa8a5
18.Bc5d4 Bb2xd4
19.Qd1xd4 O-O
20.d6 e5
21.Qd4c4 Rf8c8
22.Qc4b3 Bd7b5
23.Rf1e1 Bb5xe2
{ resign }
0-1

[Event "Tourn. n8799"]
[Site "www.chess-mail.com"]
[Date "2016.06.14"]
[Round "1"]
[White "Biggles"]
[Black "Picifarkinca"]
[WhiteElo "1990"]
[BlackElo "1920"]
[Result "1/2-1/2"]
[Round "1"]
1.e4 c6
2.d4 d5
3.exd5 cxd5
4.c4 e6
5.Nb1c3 Ng8f6
6.Ng1f3 Bf8b4
7.Bc1d2 O-O
8.Bf1d3 dxc4
9.Bd3xc4 Nb8c6
10.Qd1a4 Bc8d7
11.Qa4b3 Qd8e7
12.O-O Nc6a5
13.Qb3c2 Na5xc4
14.Bd2g5 Bb4xc3
15.bxc3 h6
16.Bg5h4 Ra8c8
17.Rf1e1 Bd7c6
18.Nf3e5 Bc6d5
19.Ne5g4 Qe7c7
20.Bh4xf6 h5
21.Bf6e5 Nc4xe5
22.Ng4xe5 Qc7xc3
{ draw }
1/2-1/2

[Event "Tourn. n8730"]
[Site "www.chess-mail.com"]
[Date "2016.06.14"]
[Round "1"]
[White "Derfel83"]
[Black "Jftgalloso"]
[WhiteElo "1950"]
[BlackElo "1870"]
[Result "1-0"]
[Round "1"]
1.e4 e6
2.d4 d5
3.exd5 exd5
4.Bc1f4 Bf8d6
5.Bf4xd6 Qd8xd6
6.Bf1d3 Ng8f6
7.Ng1f3 Bc8g4
8.O-O Nb8d7
9.Nb1d2 O-O-O
10.c3 Rd8e8
11.Qd1a4 Kb8
12.Rf1e1 Re8xe1
13.Ra1xe1 Bg4xf3
14.Nd2xf3 c6
15.Qa4b3 g6
16.Bd3a6 b6
17.a4 c5
18.a5 c4
19.Qb3b5 Rh8e8
20.Nf3e5 Nd7xe5
21.dxe5  { time }
1-0

[Event "Tourn. n8799"]
[Site "www.chess-mail.com"]
[Date "2016.06.14"]
[Round "1"]
[White "Attatroll"]
[Black "Picifarkinca"]
[WhiteElo "1910"]
[BlackElo "1920"]
[Result "1/2-1/2"]
[Round "1"]
1.e4 e5
2.f4 exf4
3.Ng1f3 d5
4.exd5 Ng8f6
5.Nb1c3 Nf6xd5
6.Bf1c4 Qd8e7
7.Qd1e2 Qe7xe2
8.Kxe2 Nd5xc3
9.dxc3 Bf8d6
10.Rh1e1 O-O
11.Kf1 Nb8c6
12.Nf3d4 Nc6xd4
13.cxd4 f3
14.gxf3 Bd6xh2
15.Kf2 Bc8f5
16.c3 Ra8e8
17.Re1xe8 Rf8xe8
18.Bc1e3 a6
{ draw }
1/2-1/2

[Event "Tourn. n8752"]
[Site "www.chess-mail.com"]
[Date "2016.06.14"]
[Round "1"]
[White "Libiesse"]
[Black "Claudia"]
[WhiteElo "1900"]
[BlackElo "1770"]
[Result "0-1"]
[Round "1"]
1.d4 Ng8f6
2.c4 g6
3.g3 Bf8g7
4.Ng1f3 d6
5.Bf1g2 O-O
6.Nb1c3 Nb8d7
7.Bc1g5 h6
8.Bg5d2 e5
9.dxe5 dxe5
10.O-O c6
11.Qd1c1 Kh7
12.e4 Qd8e7
13.Bd2e3 Nf6h5
14.Rf1d1 f5
15.Qc1c2 f4
16.gxf4 Nh5xf4
17.Be3xf4 Rf8xf4
18.Nc3e2 Rf4f7
19.Rd1d2 Nd7f6
20.Ra1d1 Bc8g4
21.Qc2c3 Nf6xe4
{ resign }
0-1

[Event "Tourn. n8817"]
[Site "www.chess-mail.com"]
[Date "2016.06.14"]
[Round "1"]
[White "Xkafi"]
[Black "Picifarkinca"]
[WhiteElo "1890"]
[BlackElo "1970"]
[Result "1/2-1/2"]
[Round "1"]
1.e4 c6
2.Bf1c4 d5
3.exd5 cxd5
4.Bc4b3 Nb8c6
5.a3 e5
6.d3 Ng8f6
7.h3 Bf8e7
8.Nb1c3 Bc8e6
9.Bb3a4 O-O
10.Ng1e2 d4
11.Nc3e4 Qd8a5
12.c3 b5
13.Ba4b3 Nf6d5
14.Bc1g5 f6
{ draw }
1/2-1/2

[Event "Tourn. n8753"]
[Site "www.chess-mail.com"]
[Date "2016.06.14"]
[Round "1"]
[White "Ranjachess"]
[Black "Daquata"]
[WhiteElo "1670"]
[BlackElo "1720"]
[Result "0-1"]
[Round "1"]
1.d4 Ng8f6
2.Nb1c3 g6
3.e4 d6
4.Ng1f3 Bf8g7
5.h3 O-O
6.g4 c5
7.Bc1e3 cxd4
8.Be3xd4 Nb8c6
9.Bf1b5 Qd8a5
10.Bb5xc6 bxc6
11.O-O c5
12.e5 cxd4
13.exf6 dxc3
14.fxg7 Kxg7
15.Qd1d4 Kg8
16.bxc3 Bc8b7
17.Qd4e3 Qa5d5
18.Kg2 f5
19.Rf1d1 Qd5xf3
20.Qe3xf3 Bb7xf3
21.Kxf3 fxg4
22.Kxg4 Rf8xf2
23.Ra1c1 Ra8c8
24.Rd1d3 Rc8c4
25.Kg3 Rf2f5
26.Rd3e3 Kf7
27.Rc1e1 e5
28.Kg2 Rc4a4
29.Re1a1 Rf5f4
30.Re3f3 Ke6
31.Rf3xf4 Ra4xf4
32.Kg3 Rf4c4
33.Ra1c1 Rc4xc3
34.Kg4 h6
35.h4 d5
36.a4 Rc3c4
37.Kf3 Rc4xh4
38.a5 Rh4a4
39.Rc1g1 Kf5
40.Ke3 g5
41.Rg1f1 Kg6
42.Rf1d1 Ra4xa5
43.c3 h5
44.Kd3 Ra5a4
45.Rd1e1 e4
46.Ke3 h4
47.Re1d1 Ra4a5
48.Rd1d4 h3
49.c4 Ra5a3
50.Kf2 Ra3d3
51.Rd4xd5 Rd3xd5
52.cxd5 Kf6
53.Kg3 g4
54.Kh2 e3
55.Kg1 e2
56.Kf2 h2
57.Kxe2 h1Q
58.d6 Ke6
59.Kf2 Qh1h3
60.d7 Kxd7
61.Kg1 Kd6
62.Kf2 Qh3f3
63.Kg1 Qf3e2
64.Kh1 a5
65.Kg1 a4
66.Kh1 a3
67.Kg1 a2
68.Kh1 a1R

0-1

[Event "Tourn. n8752"]
[Site "www.chess-mail.com"]
[Date "2016.06.14"]
[Round "1"]
[White "Picifarkinca"]
[Black "Libiesse"]
[WhiteElo "1730"]
[BlackElo "1900"]
[Result "1/2-1/2"]
[Round "1"]
1.Ng1f3 d5
2.g3 b6
3.Bf1g2 Bc8b7
4.O-O Ng8f6
5.b3 g6
6.Bc1b2 Bf8g7
7.d3 O-O
8.Nb1d2 Nb8c6
9.c4 e6
10.a3 Rf8e8
11.Nf3e5 Nc6xe5
12.Bb2xe5 Ra8b8
13.Ra1c1 Re8e7
14.b4 Re7d7
15.Qd1c2 Nf6e8
16.Be5xg7 Ne8xg7
17.cxd5 exd5
18.d4 c6
19.Nd2f3 f6
20.Rf1e1 Qd8f8
21.Qc2b3 Rd7e7
22.e4 Rb8e8
23.e5 fxe5
24.Nf3xe5 Ng7f5
25.Qb3c3 Re7e6
26.f4 Qf8d6
27.b5 { draw }
1/2-1/2

[Event "Tourn. n8816"]
[Site "www.chess-mail.com"]
[Date "2016.06.14"]
[Round "1"]
[White "Picifarkinca"]
[Black "Bojan"]
[WhiteElo "1960"]
[BlackElo "1930"]
[Result "1/2-1/2"]
[Round "1"]
1.d4 g6
2.e4 Bf8g7
3.c4 d6
4.Nb1c3 c5
5.Ng1f3 cxd4
6.Nf3xd4 Nb8c6
7.Bc1e3 Qd8c7
8.h3 Nc6e5
9.Nc3d5 Qc7a5
10.b4 Qa5d8
11.Ra1c1 e6
12.Nd5c3 Ng8f6
13.f4 Ne5c6
14.b5 Nc6e7
15.Bf1e2 a6
16.O-O e5
17.fxe5 dxe5
18.Nd4b3 Qd8xd1
19.Rf1xd1 axb5
20.cxb5 O-O
21.b6 Ne7c6
22.Nb3c5 Rf8d8
23.Be2c4 Ra8a3
24.Rd1xd8 { draw }
1/2-1/2

[Event "Tourn. n8801"]
[Site "www.chess-mail.com"]
[Date "2016.06.14"]
[Round "1"]
[White "Claudia"]
[Black "Libiesse"]
[WhiteElo "1960"]
[BlackElo "1980"]
[Result "1-0"]
[Round "1"]
1.d4 d5
2.c4 e6
3.Nb1c3 Ng8f6
4.cxd5 Nf6xd5
5.e4 Nd5f6
6.Ng1f3 b6
7.Bf1d3 Bc8b7
8.O-O Bf8b4
9.Qd1a4 Nb8c6
10.d5 exd5
11.exd5 Nf6xd5
12.Bc1g5 f6
13.Rf1e1 Kd7
14.Bd3f5 { resign }
1-0

[Event "Tourn. n8759"]
[Site "www.chess-mail.com"]
[Date "2016.06.14"]
[Round "1"]
[White "Piekki"]
[Black "Chessfan"]
[WhiteElo "2290"]
[BlackElo "2550"]
[Result "0-1"]
[Round "1"]
1.e4 c5
2.Ng1f3 Nb8c6
3.Bf1b5 g6
4.O-O Bf8g7
5.c3 Ng8f6
6.Rf1e1 O-O
7.d4 d5
8.e5 Nf6e4
9.Nb1d2 cxd4
10.cxd4 Qd8b6
11.Bb5xc6 Qb6xc6
12.Nd2xe4 dxe4
13.Nf3g5 Rf8d8
14.Qd1b3 Qc6d5
15.Qb3xd5 Rd8xd5
16.Re1xe4 Bc8f5
17.Re4e1 Rd5xd4
18.e6 fxe6
19.Bc1e3 Rd4b4
20.Be3c5 Rb4xb2
21.Ra1d1 Rb2xa2
22.Ng5xe6 Bf5xe6
23.Re1xe6 Ra8c8
{ resign }
0-1

[Event "Tourn. n8820"]
[Site "www.chess-mail.com"]
[Date "2016.06.14"]
[Round "1"]
[White "Francesco"]
[Black "Picifarkinca"]
[WhiteElo "2010"]
[BlackElo "2010"]
[Result "1/2-1/2"]
[Round "1"]
1.e4 c6
2.d4 d5
3.Nb1c3 dxe4
4.Nc3xe4 Nb8d7
5.Ng1f3 Ng8f6
6.Ne4xf6 Nd7xf6
7.Bc1g5 Qd8a5
8.Bg5d2 Qa5c7
9.Bf1c4 e6
10.O-O Bf8d6
11.Rf1e1 O-O
{ draw }
1/2-1/2

[Event "Tourn. n8820"]
[Site "www.chess-mail.com"]
[Date "2016.06.14"]
[Round "1"]
[White "Libiesse"]
[Black "Picifarkinca"]
[WhiteElo "2020"]
[BlackElo "2010"]
[Result "1/2-1/2"]
[Round "1"]
1.d4 Ng8f6
2.c4 e6
3.Ng1f3 Bf8b4
4.Bc1d2 Qd8e7
5.a3 Bb4xd2
6.Qd1xd2 O-O
7.Nb1c3 d6
8.e3 b6
9.Bf1e2 Bc8b7
10.O-O Nb8d7
11.Ra1c1 Nf6e4
12.Nc3xe4 Bb7xe4
13.Rc1c3 Nd7f6
14.Rf1c1 c5
{ draw }
1/2-1/2

[Event "Tourn. n8710"]
[Site "www.chess-mail.com"]
[Date "2016.06.14"]
[Round "1"]
[White "Nugun"]
[Black "Gfalk"]
[WhiteElo "1810"]
[BlackElo "1820"]
[Result "0-1"]
[Round "1"]
1.c4 e5
2.Nb1c3 d6
3.g3 f5
4.e3 Ng8f6
5.Bf1g2 g6
6.Ng1f3 Bf8g7
7.O-O O-O
8.d4 e4
9.Nf3d2 c6
10.b3 Nb8a6
11.Bc1a3 Rf8e8
12.f3 exf3
13.Qd1xf3 Na6c7
14.d5 Nf6g4
15.Ra1e1 Bg7xc3
16.Re1e2 Bc3xd2
17.Re2xd2 Re8xe3
18.Qf3f4 g5
19.Qf4d4 c5
20.Qd4a1 Qd8f6
21.Ba3b2 Qf6h6
22.h3 Qh6h5
23.hxg4 Qh5xg4
24.Bb2h8 Nc7e8
 { time }
0-1

[Event "Tourn. n8820"]
[Site "www.chess-mail.com"]
[Date "2016.06.14"]
[Round "1"]
[White "Picifarkinca"]
[Black "Jesmantiz"]
[WhiteElo "2010"]
[BlackElo "2030"]
[Result "1/2-1/2"]
[Round "1"]
1.d4 f5
2.Nb1c3 d6
3.g3 g6
4.Bf1g2 c6
5.e4 Bf8g7
6.Bc1g5 Nb8a6
7.Qd1d2 h6
8.Bg5e3 e6
9.Ng1e2 Na6c7
10.O-O Ng8e7
11.f4 { draw }
1/2-1/2

[Event "Tourn. n8723"]
[Site "www.chess-mail.com"]
[Date "2016.06.14"]
[Round "1"]
[White "Bojan"]
[Black "Mars91"]
[WhiteElo "1930"]
[BlackElo "2020"]
[Result "1-0"]
[Round "1"]
1.c4 e5
2.d4 exd4
3.Qd1xd4 Nb8c6
4.Qd4e4 Qd8e7
5.Qe4xe7 Bf8xe7
6.a3 Nc6d4
7.Kd1 Nd4b3
8.Ra1a2 Nb3xc1
9.Kxc1 d6
10.h3 Bc8f5
11.Nb1d2 O-O-O
12.e4 Bf5g6
13.h4 h6
14.Ng1e2 Ng8f6
15.f3 Rh8e8
16.Ne2f4 Bg6h7
17.b4 Kb8
18.Bf1e2 c6
19.Nd2b3 Kc7
20.Nb3d4 Be7f8
21.a4 Nf6d7
22.Be2d3 Nd7e5
23.Bd3e2 Bf8e7
24.Kb2 Be7f6
25.Nf4h5 Ne5d7
26.Nh5xf6 Nd7xf6
27.Kc3 d5
28.cxd5 cxd5
29.Be2b5 Re8e7
30.Nd4f5 Bh7xf5
31.exf5 d4
32.Kd2 a6
33.Bb5d3 Kb8
34.Ra2b2 Ka7
35.Rh1c1 Nf6d5
36.Rc1c4 Nd5e3
37.Rc4c5 Rd8d7
38.g4 Rd7c7
39.Bd3e4  { time }
1-0

[Event "Tourn. n8727"]
[Site "www.chess-mail.com"]
[Date "2016.06.14"]
[Round "1"]
[White "Picifarkinca"]
[Black "Jftgalloso"]
[WhiteElo "1720"]
[BlackElo "1870"]
[Result "1-0"]
[Round "1"]
1.d4 e6
2.Ng1f3 Ng8f6
3.Bc1f4 d5
4.h3 h6
5.e3 Nb8d7
6.Bf1b5 c6
7.Bb5d3 g5
8.Bf4h2 b5
9.O-O Bf8e7
10.Nb1d2 a6
11.c3 g4
12.Nf3e5 Nd7xe5
13.Bh2xe5 Be7d6
14.hxg4 Bd6xe5
15.dxe5 Nf6d7
16.f4 Qd8h4
17.Qd1f3 h5
18.g5 Qh4g4
19.Qf3xg4 hxg4
20.g3 Bc8b7
21.Kg2 O-O-O
22.Rf1h1 c5
23.Rh1h4 c4
24.Bd3c2  { time }
1-0

[Event "Tourn. n8747"]
[Site "www.chess-mail.com"]
[Date "2016.06.14"]
[Round "1"]
[White "Picifarkinca"]
[Black "Difficult"]
[WhiteElo "1720"]
[BlackElo "1830"]
[Result "1-0"]
[Round "1"]
1.e4 e5
2.Ng1f3 Nb8c6
3.Bf1b5 Ng8f6
4.d3 d6
5.h3 Bf8e7
6.c3 Bc8d7
7.O-O O-O
8.Bc1e3 a6
9.Bb5a4 b5
10.Ba4c2 a5
11.Nb1d2 Rf8e8
12.Rf1e1 Be7f8
13.Nd2f1 g6
14.Nf1g3 Bf8g7
15.d4 exd4
16.cxd4 Nc6b4
17.Bc2b1 c6
18.Qd1d2 Qd8c7
19.a3 Nb4a6
20.Be3h6 b4
21.Bb1d3  { time }
1-0

[Event "Match"]
[Site "www.echecsemail.com"]
[Date "2016.06.14"]
[Round "1"]
[White "Norwich"]
[Black "Pimpampum"]
[WhiteElo "1790"]
[BlackElo "1619"]
[Result "0-1"]
[Round "1"]
1.e4 d6
2.d4 e5
3.dxe5 dxe5
4.Qd1xd8 Kxd8
5.Bf1c4 Ke8
6.Ng1f3 Bf8d6
7.Nb1c3 c6
8.Bc1d2 Ke7
9.h3 Bc8e6
10.Bc4xe6 Kxe6
11.O-O-O Ng8f6
12.Bd2g5 Rh8d8
13.Bg5xf6 Kxf6
14.Rd1d3 Nb8a6
15.Rh1d1 Bd6c7
16.Rd3xd8 Ra8xd8
17.Rd1xd8 Bc7xd8
18.Kd2 Bd8b6
19.Nc3d1 Na6c5
20.Nd1c3 Nc5e6
21.Ke2 Ne6f4
22.Kf1 a6
23.h4 Nf4e6
24.g3 Ne6c5
25.Ke2 h6
26.a3 Nc5e6
27.Nc3a4 Bb6a7
28.Na4c3 Ne6c5
29.Nf3d2 Ke6
30.Kf3 b5
31.Ke2 Kd6
32.f3 Nc5e6
33.Nd2b3 Ba7b6
34.Nc3d1 a5
35.c3 Ne6c5
36.Nb3xc5 Kxc5
 { time }
0-1

[Event "Match"]
[Site "www.echecsemail.com"]
[Date "2016.06.14"]
[Round "1"]
[White "Birya"]
[Black "Calponas"]
[WhiteElo "1809"]
[BlackElo "2040"]
[Result "0-1"]
[Round "1"]
1.d4 Ng8f6
2.c4 g6
3.Nb1c3 d5
4.cxd5 Nf6xd5
5.e4 Nd5xc3
6.bxc3 Bf8g7
7.Bf1c4 c5
8.Ng1e2 O-O
9.O-O Nb8c6
10.Bc1e3 Bc8g4
11.f3 Nc6a5
12.Bc4d3 Bg4d7
13.Ra1c1 Ra8c8
14.Qd1d2 cxd4
15.cxd4 e6
 { time }
0-1

[Event "Match"]
[Site "www.echecsemail.com"]
[Date "2016.06.14"]
[Round "1"]
[White "Norwich"]
[Black "Gambitmiau"]
[WhiteElo "1790"]
[BlackElo "1840"]
[Result "0-1"]
[Round "1"]
1.d4 d5
2.Ng1f3 Bc8g4
3.Nb1d2 e6
4.h3 Bg4f5
5.c4 dxc4
6.Nd2xc4 Bf5e4
7.e3 Ng8f6
8.Bf1d3 Bf8b4
9.Kf1 Be4xd3
10.Qd1xd3 O-O
11.a3 Bb4d6
12.g3 Nb8c6
13.Nc4xd6 Qd8xd6
14.Kg2 e5
15.Qd3c3 e4
16.Nf3d2 Nf6d5
17.Qc3c2 f5
18.Nd2c4 Qd6f6
19.Bc1d2 f4
20.gxf4 b5
21.Nc4e5 Nc6xe5
 { time }
0-1

[Event "Match"]
[Site "www.echecsemail.com"]
[Date "2016.06.14"]
[Round "1"]
[White "Genius4"]
[Black "Chtoubidou"]
[WhiteElo "1720"]
[BlackElo "1890"]
[Result "0-1"]
[Round "1"]
1.Ng1f3 d6
2.d4 Bc8g4
3.Nb1d2 Ng8f6
4.h3 Bg4xf3
5.Nd2xf3 Nb8d7
6.c3 g6
7.e3 Bf8g7
8.Bf1d3 O-O
9.O-O e5
10.Bd3c2 Rf8e8
11.b3 e4
12.Nf3d2 d5
13.c4 c6
14.Bc1b2 { time. }
0-1

[Event "Match"]
[Site "www.echecsemail.com"]
[Date "2016.06.14"]
[Round "1"]
[White "Babedad"]
[Black "Genius4"]
[WhiteElo "1849"]
[BlackElo "1720"]
[Result "1-0"]
[Round "1"]
1.c4 e5
2.Nb1c3 Ng8f6
3.g3 d5
4.cxd5 Nf6xd5
5.Bf1g2 Nd5b6
6.Ng1f3 Nb8c6
7.O-O Bf8e7
8.a3 O-O
9.b4 Be7f6
10.Nc3e4 Bf6e7
11.Ra1b1 Bc8f5
12.Nf3e1 Bf5xe4
13.Bg2xe4 Nb6d5
14.Bc1b2 Nc6d4
15.Ne1f3 Nd4xf3
16.Be4xf3 Be7f6
{ time. }
1-0

[Event "Match"]
[Site "www.echecsemail.com"]
[Date "2016.06.14"]
[Round "1"]
[White "Leeds"]
[Black "Raulazo"]
[WhiteElo "1740"]
[BlackElo "1920"]
[Result "0-1"]
[Round "1"]
1.f4 e6
2.Ng1f3 Nb8c6
3.d4 d5
4.e3 Ng8f6
5.Bf1b5 Qd8d6
6.O-O Bf8e7
7.Nb1c3 O-O
8.Bb5xc6 Qd6xc6
9.Nf3e5 Qc6a6
10.Qd1d3 b6
11.Qd3xa6 Bc8xa6
12.Rf1e1 Be7b4
13.Bc1d2 Bb4xc3
14.Bd2xc3 Nf6e4
15.Ra1d1 f6
16.Ne5f3 f5
17.Bc3d2 c5
18.c3 Ba6c4
19.b3 Bc4d3
20.Nf3e5 c4
21.Ne5xd3 cxd3
22.Bd2c1 Ne4xc3
23.Rd1xd3 Nc3xa2
24.Bc1d2 a5
25.Re1a1 Na2b4
26.Bd2xb4 axb4
27.Rd3d1 Rf8c8
28.Rd1c1 Ra8xa1
29.Rc1xa1 Rc8c3
30.Ra1a6 Rc3xb3
31.Ra6xb6 Rb3b1
32.Kf2 b3
33.h3 b2
34.g3 h5
35.Rb6b7 Kh7
36.Rb7b6 g6
37.Kg2 Kh6
38.Rb6b7 g5
39.Rb7b6 h4
 { time }
0-1

[Event "Match"]
[Site "www.echecsemail.com"]
[Date "2016.06.14"]
[Round "1"]
[White "Gfalk"]
[Black "Genius4"]
[WhiteElo "1880"]
[BlackElo "1720"]
[Result "1-0"]
[Round "1"]
1.f4 e5
2.fxe5 d6
3.exd6 Bf8xd6
4.Ng1f3 g5
5.d4 g4
6.Nf3e5 Bd6xe5
7.dxe5 Qd8xd1
8.Kxd1 Nb8c6
9.Nb1c3 Bc8e6
10.g3 O-O-O
11.Bc1d2 Nc6xe5
12.b3 Ng8e7
13.Kc1 h5
14.Bd2g5 f6
{ time. }
1-0

[Event "Match"]
[Site "www.echecsemail.com"]
[Date "2016.06.14"]
[Round "1"]
[White "Whitekknight"]
[Black "Genius4"]
[WhiteElo "1910"]
[BlackElo "1720"]
[Result "1-0"]
[Round "1"]
1.e4 Ng8f6
2.Nb1c3 e5
3.Ng1f3 Nb8c6
4.Bf1c4 Bf8e7
5.d3 d6
6.h3 O-O
7.O-O a6
8.a4 Bc8e6
9.Nc3d5 Be6xd5
10.Bc4xd5 Nf6xd5
11.exd5 Nc6b8
12.c4 b6
13.Nf3h2 f5
14.Rf1e1 Be7f6
15.Ra1b1 Nb8d7
16.b4 g6
17.Bc1h6 Bf6g7
{ time. }
1-0

[Event "Match"]
[Site "www.echecsemail.com"]
[Date "2016.06.14"]
[Round "1"]
[White "Irene"]
[Black "Umutkrc"]
[WhiteElo "2060"]
[BlackElo "2019"]
[Result "1-0"]
[Round "1"]
1.d4 e6
2.Ng1f3 h6
3.e4 Ng8f6
4.Bf1d3 c5
5.c3 cxd4
6.cxd4 Qd8b6
7.O-O d5
8.e5 Nf6g8
9.Bc1e3 Nb8c6
10.b3 Ng8e7
11.Nb1c3 Ne7f5
12.Bd3xf5 exf5
13.Nc3xd5 Qb6a5
14.Nd5f4 Bf8a3
15.Ra1b1 O-O
16.Nf3d2 Ba3e7
17.a4 Be7g5
18.Nd2c4 Qa5b4
19.Nf4d5 Rf8d8
20.Nd5xb4 Nc6xb4
21.Nc4d6 f4
22.Be3d2 a5
23.Qd1h5 g6
24.Qh5f3 Nb4c6
25.Qf3d5 Bc8e6
26.Qd5f3 Nc6xd4
27.Qf3e4 Nd4c6
28.Bd2xf4 Be6f5
29.Qe4c4 Rd8d7
30.Nd6xf5 gxf5
31.Bf4xg5 hxg5
32.e6 Rd7e7
33.exf7 Kf8
34.Qc4c3 Kxf7
35.Qc3c4 Kg6
36.Rf1e1 Nc6e5
37.Qc4c2 Ra8e8
38.Qc2c3 Ne5f3
39.gxf3 { resign }
1-0

[Event "1/128 Finale"]
[Site "www.chess-mail.com"]
[Date "2016.06.14"]
[Round "1"]
[White "Odin"]
[Black "Genius1"]
[WhiteElo "1930"]
[BlackElo "1610"]
[Result "1-0"]
[Round "1"]
1.e4 e5
2.Ng1f3 d6
3.d4 exd4
4.Nf3xd4 Ng8f6
5.Bc1g5 Bf8e7
6.Bf1b5 c6
7.Bb5a4 Qd8a5
8.Bg5d2 Qa5xa4
9.Nd4b3 Qa4xe4
10.Bd2e3 Qe4xg2
11.Rh1f1 Bc8h3
12.Qd1e2 Qg2xf1
13.Qe2xf1 Bh3xf1
14.Kxf1 d5
15.Nb1c3  { time }
1-0

[Event "Fast Game"]
[Site "www.echecsemail.com"]
[Date "2016.06.14"]
[Round "1"]
[White "Add"]
[Black "Claudia"]
[WhiteElo "1870"]
[BlackElo "1809"]
[Result "1-0"]
[Round "1"]
1.e4 c5
2.e5 d6
3.exd6 exd6
4.d4 cxd4
5.Qd1xd4 Nb8c6
6.Qd4e4 Qd8e7
7.Qe4xe7 Bf8xe7
8.c3 Ng8f6
9.Bc1e3 O-O
10.Nb1d2 Bc8f5
11.Ng1f3 h6
12.Nf3d4 Nc6xd4
13.Be3xd4 d5
14.Bf1e2 Rf8e8
15.O-O Be7d6
16.Be2f3 Nf6e4
17.Nd2xe4 dxe4
18.Bf3e2 Re8e6
19.Rf1e1 Re6g6
20.Ra1d1 Bf5h3
21.g3 f5
22.f4 Bd6xf4
23.Kf2 Bf4g5
24.Be2h5 Rg6d6
25.Bd4e5 Rd6xd1
26.Re1xd1 Ra8d8
27.Rd1xd8 Bg5xd8
28.Be5d4 a6
29.a3 g5
30.Bh5e2 Kf7
31.Be2f1 Bh3xf1
32.Kxf1 Ke6
33.Ke2 f4
34.g4 Bd8f6
35.Bd4b6 Kd5
36.Kd2 Bf6e7
37.b4 Kc4
38.Kc2 Be7f6
39.Bb6c5 Bf6xc3
{ time. }
1-0

[Event "Tourn. n8737"]
[Site "www.chess-mail.com"]
[Date "2016.06.15"]
[Round "1"]
[White "Neo"]
[Black "Picifarkinca"]
[WhiteElo "1780"]
[BlackElo "1720"]
[Result "1/2-1/2"]
[Round "1"]
1.d4 d5
2.e3 Ng8f6
3.g3 Nb8d7
4.Bf1g2 e5
5.c3 e4
6.Ng1e2 Bf8d6
7.Ne2f4 O-O
8.O-O Rf8e8
9.b3 c6
10.Bc1b2 Nd7f8
11.c4 Nf8e6
12.Nf4xe6 fxe6
13.c5 Bd6c7
14.Nb1c3 b6
15.b4 bxc5
16.bxc5 Bc8a6
17.Rf1e1 Ba6d3
18.a4 Ra8b8
19.Bb2a3 Bc7a5
20.Ra1c1 Re8e7
21.Bg2f1 Bd3xf1
22.Re1xf1 Re7b7
23.Qd1c2 Rb7b3
24.Rc1b1 Rb3xc3
25.Qc2a2 Rc3c4
26.Rb1xb8 Qd8xb8
27.Rf1b1 Qb8c7
28.Ba3c1 Rc4b4
29.Rb1xb4 Ba5xb4
30.Qa2b3 Bb4a5
31.Bc1a3 Nf6d7
32.Kg2 Qc7b8
33.Qb3c2 Qb8b7
34.Ba3c1 Nd7b8
35.Qc2e2 Qb7b1
36.Qe2d1 Qb1d3
37.Qd1g4 Qd3b1
38.Qg4xe6 Kf8
39.Qe6d6 Ke8
40.Qd6e6 Kf8
{ draw }
1/2-1/2

[Event "Tourn. n8723"]
[Site "www.chess-mail.com"]
[Date "2016.06.15"]
[Round "1"]
[White "Hundegana"]
[Black "Mars91"]
[WhiteElo "1910"]
[BlackElo "2020"]
[Result "1-0"]
[Round "1"]
1.e4 c6
2.f4 d5
3.e5 e6
4.g3 c5
5.d3 Nb8c6
6.c3 g6
7.Bf1g2 Bf8g7
8.Ng1f3 Ng8e7
9.O-O h6
10.Bc1e3 b6
11.a3 Bc8b7
12.Nb1d2 Ne7f5
13.g4 Nf5xe3
14.Qd1e2 Ne3xf1
15.Ra1xf1 O-O
16.Kh1 a6
17.h3 Qd8d7
18.h4 b5
19.d4 cxd4
20.Nf3xd4 Nc6xd4
21.cxd4 Rf8c8
22.Nd2b3 Rc8c4
23.h5 gxh5
24.gxh5 Ra8c8
25.Nb3c5 Rc4xc5
26.dxc5 Rc8xc5
27.Kh2 Qd7c7
28.Rf1f3 Rc5c2
29.Qe2f1 Rc2xg2
30.Kxg2 d4
31.Kg3 Bb7xf3
32.Qf1xf3 a5
33.Qf3d3 Qc7c4
34.Qd3f3  { time }
1-0

[Event "Tourn. n8836"]
[Site "www.chess-mail.com"]
[Date "2016.06.15"]
[Round "1"]
[White "Bojan"]
[Black "Pwain"]
[WhiteElo "1980"]
[BlackElo "2019"]
[Result "0-1"]
[Round "1"]
1.g3 d5
2.d4 Ng8f6
3.f3 c5
4.dxc5 e5
5.b4 b6
6.cxb6 Bf8xb4
7.c3 Bb4c5
8.bxa7 Ra8xa7
9.Nb1d2 Qd8b6
10.Nd2b3 Bc5f2
11.Kd2 Bf2xg1
12.Kc2 O-O
13.Bf1g2 Bg1c5
14.Bc1g5 Bc8f5
15.Kb2 Bc5a3
{ resign }
0-1

[Event "Tourn. n8731"]
[Site "www.chess-mail.com"]
[Date "2016.06.15"]
[Round "1"]
[White "Genius1"]
[Black "Cal"]
[WhiteElo "1430"]
[BlackElo "1630"]
[Result "0-1"]
[Round "1"]
1.Nb1c3 e5
2.Ng1f3 d6
3.d4 exd4
4.Nf3xd4 h6
5.e4 a6
6.Bf1e2 Ng8f6
7.O-O b5
8.a3 Bf8e7
9.Be2f3 O-O
10.e5 dxe5
11.Nd4b3 c6
12.Qd1e2 Bc8b7
13.Rf1d1 Qd8c7
14.Bc1e3 Nb8d7
15.Nc3e4 a5
16.Nb3c5 Nd7xc5
17.Ne4xc5 Be7xc5
18.Be3xc5 Rf8e8
19.g3 e4
20.Bf3g2 Re8e5
21.Bc5d6 Qc7b6
22.Bd6xe5 c5
23.Be5xf6 Qb6xf6
24.Bg2xe4 Ra8e8
25.Be4h7 Kf8
26.Qe2xb5 Bb7a6
27.Qb5xc5 Qf6e7
28.Qc5xe7 Re8xe7
29.Rd1d8 Re7e8
30.Ra1d1 g6
31.Rd8xe8 Kxe8
32.h4 Kf8
33.h5 g5
 { time }
0-1

[Event "Tourn. n8805"]
[Site "www.chess-mail.com"]
[Date "2016.06.15"]
[Round "1"]
[White "Coventry"]
[Black "Raven16"]
[WhiteElo "2000"]
[BlackElo "2170"]
[Result "0-1"]
[Round "1"]
1.d4 d5
2.Ng1f3 Ng8f6
3.Bc1f4 e6
4.e3 Bf8d6
5.Bf1d3 O-O
6.O-O Nb8d7
7.Bf4xd6 cxd6
8.Nb1d2 e5
9.dxe5 dxe5
 { time }
0-1